Nanokatalyzátory na prípravu zelených éterov

Guardado en:
Detalles Bibliográficos
Autor principal: Kuzina, Anastasiia (Autor)
Otros Autores: Soták, Tomáš (Orientador)
Formato: Manuscrito Libro
Lenguaje:eslovaco
Publicado: 2025
Materias:
Acceso en línea:http://is.stuba.sk/zp/portal_zp.pl?podrobnosti=177618
Etiquetas: Agregar Etiqueta
Sin Etiquetas, Sea el primero en etiquetar este registro!

MARC

LEADER 00000ntm a22000003a 4500
001 stuzp105023
003 SK-STU
005 20250628212301.4
007 ta
008 150427s2015----xo-----f-mn---000-0-slo-d
040 |a STU  |b slo 
041 0 |a slo 
100 1 |a Kuzina, Anastasiia  |u 048130  |4 aut  |U FCHPT Ústav organickej chémie, katalýzy a petrochémie  |T FCHPT Oddelenie organickej technológie, katalýzy a ropy  |X 122182  |U C8130  |Y 123  |7 122182 
242 0 1 |a Nanocatalysts for Preparation of Green Ethers  |y eng 
245 1 0 |a Nanokatalyzátory na prípravu zelených éterov 
260 |c 2025 
650 4 |a etyltetrahydrofurfuryléter  |2 slo 
650 4 |a tetrahydrofurfurylalkohol  |2 slo 
650 4 |a etanol  |2 slo 
650 4 |a éterifikácia  |2 slo 
650 4 |a zeolity  |2 slo 
650 4 |a iónovýmenné živice  |2 slo 
650 4 |a ethyl tetrahydrofurfuryl ether  |2 eng 
650 4 |a tetrahydrofurfuryl alcohol  |2 eng 
650 4 |a ethanol  |2 eng 
650 4 |a etherification  |2 eng 
650 4 |a zeolites  |2 eng 
650 4 |a ion-exchange resins  |2 eng 
700 1 |a Soták, Tomáš  |4 ths  |X 21140  |7 A000021140 
856 4 |u http://is.stuba.sk/zp/portal_zp.pl?podrobnosti=177618